| 000 | 00720nam a2200193Ia 4500 | ||
|---|---|---|---|
| 008 | 0000002010 sp ad 0000000000spa00 | ||
| 090 | _aPSP00 M19c | ||
| 100 | 1 | _aMayor Zaragoza, Federico | |
| 245 | 1 | 0 |
_aCatalina DiezHochleitner _b: Cartagena, apuntes de un viaje _c/ texto de Federico Mayor Zaragoza |
| 300 |
_a[20] p. _c/ 27 cm. |
||
| 500 | _aDonación de Carlos Jiménez, 2012 | ||
| 600 | 0 | 0 |
_a DIEZ HOCHLEITNER RODRIGUEZ, CATALINA, 1965/ _xTRABAJOS PICTORICOS |
| 650 | 1 | 4 | _a PINTURA ESPAÑOLA |
| 650 | 1 | 4 | _aARTE CONTEMPORANEO ESPAÑOL |
| 650 | 1 | 4 | _aARTISTAS PLASTICOS ESPAÑOLES |
| 650 | 1 | 4 | _xCATALOGOS |
| 650 | 1 | 4 | _xEXPOSICIONES |
| 999 |
_c14193 _d14193 |
||
| 260 |
_aMadrid : Embajada de Colombia en España _c2010 |
||